1678 1748 1786 1035 1191 1788 1439 1278 1268 1167 1147 1727 1454 1512 1481 1345 1293 1386 1769 1420 1974 1495 1665 1768 1552 1154 1242 1076 1606 1404 1741 1244 1842 1113 1051 1571 1742 1437 1838 1338 1140 1089 1373 1078 1755 1065 1232 1530 1940 1685 1177 1015 1322 1324 1658 1550 1156 1181 1806 1508 1743 1056 1883 1049 1229 1814 1991 1325 1281 1472 1313 1739 1662 1999 1180 1027 1079 1899 1670 1785 1682 1306 1426 1985 1282 1648 1478 1065 1306 1607 1570 1409 1719 1611 1255 1289 1993 1611 1228 BCNSPRNW ULIB Ver.6.0+V

เปลี่ยนเป็นภาษาไทย

Change to English
 แสดงรายละเอียดบรรณานุกรม
  กลับหน้าหลัก

Brief Record : Get Marc (ISO 2709) : E-mail record : QR code < ปิดหน้าต่าง
LEADER : 00000nam 2200000uu 4500
001    13399113075
003     ULIB
008    110923s2549||||th 000 0 tha d
020    9749698940
050  4 PE1131^bค163C 2549
100 1  ไรท์, คริสโตเฟอร์
245 10 Cross-culture ฝรั่งไม่เข้าใจ คนไทยไม่เก็ท /^cChristopher Wright
246 30 ฝรั่งไม่เข้าใจ คนไทยไม่เก็ท
250    พิมพ์ครั้งที่ 2
260    กรุงเทพฯ :^bเนชั่นบุ๊คส์ อินเตอร์เนชั่นแนล,^c2549
300    206 หน้า :^bภาพประกอบ ;^c21 ซม.
650  4 การสื่อสารระหว่างวัฒนธรรม
700 1  Wright, Christopher
945    ^p175^l0^i019664
995    ทศพร
999 ^a ศิริพร
รายการนี้ยังไม่มีแท็ก
คุณยังไม่ได้ล็อกอิน คุณสามารถมีกิจกรรมร่วมกับเว็บไซต์ได้ แต่ต้องล็อกอินก่อน ::
  ล็อกอิน

รายการสื่อสารสนเทศ

ลำดับที่ ประเภท เลขเรียก/บาร์โค้ด สถานที่ สถานะ
- ไม่พบข้อมูล -

รายการใกล้เคียง
    ผู้แต่ง [ไรท์, คริสโตเฟอร์]

    หัวเรื่อง [การสื่อสารระหว่างวัฒนธรรม]

BibComment


ยังไม่เคยถูกคอมเมนท์

คอมเมนท์ทรัพยากรรายการนี้
  คอมเมนท์: Crossculture ฝรั่..


 Copyright 2026. Bcnsprnw @Library